000 01034nam a2200265Ia 4500
003 OSt
005 20220923211513.0
006 a|||||r|||| 00| 0
007 ta
008 220922b |||||||| |||| 00| 0 san d
020 _a9789380326283 (hbk)
_c300
024 _a252,823
037 _b398/A, 21/02/2011, Vidyanidhi Prakashan
_cTextual
040 _aARTS
_cARTS
_bsan
041 _2san
_asan
082 _aO15,1D61x, 152Q0
100 _aभर्तृहरि; उपाध्याय, ददन, अनु.
_9160648
245 0 _aसुभाषितत्रिशती
246 _aSubhāṣhitatrishatī
260 _aवाराणसी
_b चौखम्बा सुरभारती प्रकाशन
_c2010
300 _a200पृ0
_ccm.
650 _aसंस्कृत साहित्य
942 _hO15,1D61x, 152Q0
_cTEXL
_2CC
999 _c300225
_d300225